Top 25 rushing yards NFL saison 2024-25 - Statistiques

Statistiques générales
  • Ce quiz a été pris 156 fois
  • Le résultat moyen est 13 sur 25
Statistiques - réponses
Yards Equipe Joueurs % Correct
2005 Eagles Saquon Barkley
97%
1921 Ravens Derrick Henry
96%
1412 Lions Jamhyr Gibbs
81%
1456 Falcons Bijan Robinson
76%
1009 Bills James Cook
66%
1329 Packers Josh Jacobs
63%
1431 Colts Jonathan Taylor
59%
1138 Vikings Aaron Jones
58%
1016 Texans Joe Mixon
57%
1299 Rams Kyren Williams
57%
950 Saints Alvin Kamara
56%
915 Ravens Lamar Jackson
56%
1122 Buccaneers Bucky Irving
52%
907 Dolphins De'Vone Achane
50%
1043 Steelers Najee Harris
46%
1079 Titans Tony Pollard
45%
990 Bengals Chase Brown
44%
1195 Panthers Chuba Hubbard
40%
876 Jets Breece Hall
37%
959 Bears D'Andre Swift
37%
1094 Cardinals James Conner
36%
839 Giants Tyrone Tracy Jr.
33%
891 Commanders Jayden Daniels
32%
905 Chargers J.K. Dobbins
30%
1079 Cowboys Rico Dowble
4%
Aucun quiz correspondant
Distribution des résultats
% des personnes avec chaque résultat
Percentile par nombre de réponses
Votre historique - résultats
Vous n’avez pas pris ce quiz